000
00321nam a2200145Ia 4500
100
_a
Palais joseph E
942
_c
BK
654
_a
Fiber optic
245
_a
Fiber optic communications
260
_b
prentice hall
_a
New Jersey
_c
1988
082
_a
621.3810414
_b
PHL
300
_a
291
546
_a
ENGLISH
999
_c
25746
_d
25746